Statistics for These Happy Golden Years Character Quiz

Click here to take the quiz!

General Stats

  • This quiz has been taken 8 times
  • The average score is 6 of 15

Answer Stats

#HintAnswer% Correct
1She is the main characterLaura
100%
5Is the #1 motherMa
75%
2Is the aboves wifeAlmanzo
50%
3Is the third eldestCarrie
50%
4Is the youngestGrace
50%
7Is the #1 older sisterMary
50%
8Man who got the #1 to teach at his schoolMr Brewster
50%
9A women that doesn't like bordersMrs Brewster
50%
6Is the aboves husbandPa
50%
13The second oldestCharles
25%
14She is the third eldestMartha
25%
11The youngest of the sudentsRuby
25%
12The second youngestTommy
25%
15He is the oldestClarence
0%
10The aboves sonJonny
0%

Score Distribution

Percentile by Number Answered

Percent of People with Each Score

Your Score History

You have not taken this quiz